Grab Bag Quiz Stats

 Plays Quiz Updated Nov 21, 2014

Support Sporcle.
Go Orange.
Score 0/44 Timer 05:00
12 Plays Today
% Correct
Blue
98.3%
Red
98.3%
Asia
98.1%
North America
98.1%
Green
98%
South America
98%
Europe
97.3%
Yellow
97.1%
Africa
95.5%
White
94.7%
Orange
94.7%
Oceania
94%
Antarctica
85%
When
82.8%
What
82.8%
Where
82.8%
Who
82.5%
Why
82.2%
How
82.2%
Neutron
81.9%
Proton
81.6%
Electron
80%
% Correct
Grande
78.9%
Sweden
78.3%
Norway
78%
Finland
72.3%
Venti
66.1%
Denmark
66%
Iceland
64.5%
Tall
59.2%
Sedimentary
55%
Destroyer or Cruiser
53.9%
Igneous
53.6%
Battleship
52.9%
Aircraft Carrier
52.6%
Submarine
49.5%
Metamorphic
40.3%
Ronald Reagan
39.3%
Herbert Hoover
37.7%
Woodrow Wilson
36.8%
Calvin Coolidge
32.5%
Short
21.4%
Patrol Boat
15.3%
Trenta
15.3%

From the Vault

Provinces of China

by 1447

There are 34 provinces in China, and somehow they're all in the same time zone.
Remove Ads.
Support Sporcle.
Get the best of Sporcle when you Go Orange. This ad-free experience offers more features, more stats, and more fun while also helping to support Sporcle. Thank you for becoming a member.

Show Comments

Extras

Top Quizzes Today


Score Distribution

Your Account Isn't Verified!

In order to create a playlist on Sporcle, you need to verify the email address you used during registration. Go to your Sporcle Settings to finish the process.

Report this User

Report this user for behavior that violates our Community Guidelines.

Details: